000 00430nam a2200181Ia 4500
001 24035
005 20260414151017.0
008 260414t1984||||xx |||||||||||||| ||spa||
041 _aESP
082 _a758.9
_bB22
100 _aBanco Central de Reserva del Perú
_eAUT
245 0 _aMuseo :
_bPinacoteca
260 _c1984
300 _a82 páginas :
_c28 cm.
650 _aABD
654 _aCAU
942 _cLIB
_dJUS
_fJUS
_2ddc
_n
999 _c24035
_d24035